| 000 | 00451 a2200145 4500 | ||
|---|---|---|---|
| 999 |
_c7555 _d7555 |
||
| 020 | _a1853391131 | ||
| 050 | _aHQ1240 KRA 1992 | ||
| 100 | _aKraus-harper, Uschi | ||
| 245 |
_aGetting down to business _ba manual for training business women / _cUschi Kraus- Harper and Malcolm Harper |
||
| 264 |
_aLondon _bIntermediate Technology Publication _c1992 |
||
| 300 | _a166p. | ||
| 500 | _aInclude index | ||
| 650 | _aBusiness | ||
| 942 |
_2lcc _cBK _h1240 _iKRA _kHQ |
||